| 000 | 00869nam a2200265Ia 4500 | ||
|---|---|---|---|
| 003 | OSt | ||
| 005 | 20220708141450.0 | ||
| 008 | 210716s1999 xx 000 0 und d | ||
| 020 | _a0256193487 | ||
| 040 | _cAIMIT LIBRARY | ||
| 041 | _aeng | ||
| 082 |
_a338.04 _24 _bTIMJ |
||
| 100 |
_aTimmons, Jeffrey A. _947738 |
||
| 245 |
_aNew venture creation : _bEntrepreneurship for the 21st century / _cBy Jeffry A. Timmons |
||
| 250 | _a4th ed. | ||
| 260 |
_aNew Delhi : _bIrwin McGraw-Hill _c1999 |
||
| 300 |
_axix,796p. ; _bPB : _c27.5 cm. |
||
| 650 |
_aEntrepreneurship _947739 |
||
| 650 |
_aThe Entrepreneurial Manager _947740 |
||
| 650 |
_aResource Requirements _947741 |
||
| 650 |
_aFinancing Entrepreneurial Ventures _947742 |
||
| 650 |
_aStart-Up and After _947743 |
||
| 650 |
_aCrafting A Entrepreneurial Strategy _947744 |
||
| 942 |
_2ddc _cBK _e4th _k338.04 TIMJ |
||
| 999 |
_c200714 _d200714 |
||